Princeton Review Carcking The GMAT (Record no. 351865)

000 -LEADER
fixed length control field 00521nam a22001937a 4500
003 - CONTROL NUMBER IDENTIFIER
control field OSt
005 - DATE AND TIME OF LATEST TRANSACTION
control field 20180116183057.0
008 - FIXED-LENGTH DATA ELEMENTS--GENERAL INFORMATION
fixed length control field 161024b xxu||||| |||| 00| 0 eng d
020 ## - INTERNATIONAL STANDARD BOOK NUMBER
International Standard Book Number 067974105-4
040 ## - CATALOGING SOURCE
Transcribing agency 0
082 ## - DEWEY DECIMAL CLASSIFICATION NUMBER
Classification number 650.13 MAR 1992
100 ## - MAIN ENTRY--PERSONAL NAME
Personal name Geoff Martz
245 ## - TITLE STATEMENT
Title Princeton Review Carcking The GMAT
Remainder of title CRACHING THE GMAT
Statement of responsibility, etc. Geoff Martz
250 ## - EDITION STATEMENT
Remainder of edition statement 1993 Ed.
260 ## - PUBLICATION, DISTRIBUTION, ETC.
Place of publication, distribution, etc. New York
Name of publisher, distributor, etc. Villard Books
Date of publication, distribution, etc. 1992
300 ## - PHYSICAL DESCRIPTION
Extent 294 P.
Other physical details PB
440 ## - SERIES STATEMENT/ADDED ENTRY--TITLE
Title Princeton Review Carcking The GMAT
942 ## - ADDED ENTRY ELEMENTS (KOHA)
Source of classification or shelving scheme
Koha item type Book
Holdings
Withdrawn status Lost status Source of classification or shelving scheme Damaged status Not for loan Collection code Permanent Location Current Location Shelving location Date acquired Total Checkouts Full call number Barcode Date last seen Price effective from Koha item type
            Central Library (CL) Central Library (CL) General Stacks 10/24/2016   650.13 MAR 1992 NBSD-2942 10/24/2016 10/24/2016 Book
© 2023 Central Library, National University of Sciences and Technology. All Rights Reserved.